000 00342nam a22001577a 4500
003 SGT
020 _a978-81-8448-898-2
082 _a617.3, M12H
100 _aMALHOTRA, RAJESH
245 _aMASTENING ORTHOPEDIC TECHNIQUES
250 _a1ST
260 _aJAYPEE
_bDELHI
_c2011
300 _a641
650 _aORTHOPEDIC
942 _2ddc
_cBK
999 _c8666
_d8666